01145nam a22003257a 4500003000500000005001700005008004100022010000900063011000900072035000900081040000900090082001900099100002700118245008300145260004400228300002000272500001000292590004100302590004100343590004100384590004200425650002800467650003200495650002300527901000700550942001000557949008600567999001500653952015100668CHAP20220329133523.0971013s1989 r 00010 d a7360 a8332 a7558 cCHAP a634.909795bP400aPerry, David A.987293 aMaintaining the long-term productivity of pacific north west forest ecosystems aPortland, Oregon :bTimber Press,c1989 a256 p.b: ilus. a63-77 aBATCH-UPDb10c20130110lUCH01h2001 aBATCH-UPDb10c20130410lUCH01h1321 aBATCH-UPDb10c20130914lUCH01h0707 aCONVERSIONb10c20130109lUCH01h130514aBosquesxOregon.91435614aEcología forestal.93517614aEcosistema.935290 aBK cLIBRO a634.909795 P4bBCcLIBROd33724000232724eLIBROgI.164882h83606i7558sit170.00 c7360d7360 00102local4052708GRALaBCbBCcPP_GRALd2019-12-31eI.164882fLIBROl0o634.909795 P4p33724000232724r2019-12-31 00:00:00w2019-12-31yLIBRO